000 00507nam a22001697a 4500
005 20251108174737.0
008 250721s2009 xx 000 0 ara d
082 1 4 _a658.3/نصر
100 1 _aنصر الله، حنا
245 1 0 _aإدارة الموارد البشرية /
264 1 _aعمان :
_bدار زهران للنشر و التوزيع،
_c2009.
300 _a405ص.
650 1 7 _aادارة الاعمال
650 1 7 _aادارة الافراد
942 _2ddc
_cBK
999 _c116909
_d116909